Football Champions League: Tirage au sort Huitièmes de finale - Statistiques

Statistiques générales
  • Ce quiz a été pris 622 fois
  • Le résultat moyen est 13 sur 16
Statistiques - réponses
Réponse % Correct
Paris SG
99%
Real Madrid
98%
Bayern Munich
97%
Manchester City
96%
Inter Milan
92%
Liverpool
89%
Borussia Dortmund
88%
Milan AC
88%
Chelsea
86%
Benfica Lisbonne
82%
FC Porto
78%
Naples
77%
RB Leipzig
74%
Tottenham
67%
FC Bruges
49%
Eintracht Francfort
46%
Aucun quiz correspondant
Distribution des résultats
% des personnes avec chaque résultat
Percentile par nombre de réponses
Votre historique - résultats
Vous n’avez pas pris ce quiz